000
00290nam a22001217a 4500
008
180109b xxu||||| |||| 00| 0 eng d
041
_a
eng
080
_a
78
100
_a
45
101
_a
MUZ
245
_a
THE NEW YORK TIMES BOOK OF BROADWAY
_c
BRANTLEY,B
942
_2
udc
_c
BK
999
_c
39977
_d
39977